Kvantová chemie : Základy teorie a aplikace /
Salvato in:
| Autori principali: | , |
|---|---|
| Natura: | Libro |
| Lingua: | ceco |
| Pubblicazione: |
Praha :
SNTL,
1985
|
| Edizione: | 1.vyd. |
| Soggetti: | |
| Tags: |
Nessun Tag, puoi essere il primo ad aggiungerne!!
|
MARC
| LEADER | 00000nam a22000003a 4500 | ||
|---|---|---|---|
| 001 | stu40621 | ||
| 005 | 20150617225722.5 | ||
| 008 | 930517s1985----cs------------------cze-d | ||
| 040 | |a STU |b slo | ||
| 041 | 0 | |a cze | |
| 044 | |a cs | ||
| 080 | |a 541.57(075.8) | ||
| 100 | 1 | |a Zahradník, Rudolf |4 aut | |
| 245 | 1 | |a Kvantová chemie : |b Základy teorie a aplikace / |c [aut.]Rudolf Polák, Rudolf Zahradník | |
| 250 | |a 1.vyd. | ||
| 260 | |a Praha : |b SNTL, |c 1985 | ||
| 300 | |a 466 s | ||
| 650 | 7 | |a Chémia kvantová |2 stusub | |
| 700 | 1 | |a Polák, Rudolf |4 aut | |
| 996 | |b E59488 |c E*59488 |l EE05 |s P |a 0 |w stu40621_0001 | ||